Les joueurs du Nigeria (2010-2014-2018) - Statistiques

Statistiques générales
  • Ce quiz a été pris 22 fois
  • Le résultat moyen est 13 sur 72
Statistiques - réponses
Année Poste Joueurs % Correct
M John Obi Mikel
75%
M John Obi Mikel
75%
M Victor Moses
75%
M Victor Moses
75%
G Vincent Enyeama
70%
A Alex Iwobi
55%
A Ahmed Musa
50%
A Ahmed Musa
50%
A Kelechi Iheanacho
40%
M Joel Obi
35%
A Odion Ighalo
35%
M Kalu Uche
30%
M Wilfried Ndidi
30%
D Elderson Echiejile
25%
2018 Entr Gernot Rohr
25%
D Taye Taiwo
25%
D William Troost-Ekong
25%
D Elderson Echiejile
20%
A Emmanuel Emenike
20%
D Joseph Yobo
20%
D Joseph Yobo
20%
A Obafemi Martins
20%
A Peter Odemwingie
20%
A Peter Odemwingie
20%
D Leon Balogun
15%
A Nwankwo Kanu
15%
M Ogenyi Onazi
15%
M Ogenyi Onazi
15%
M Oghenekaro Etebo
15%
G Vincent Enyeama
15%
D Chidozie Awaziem
10%
D Danny Shittu
10%
D Efe Ambrose
10%
G Francis Uzoho
10%
A John Utaka
10%
D Kenneth Omeruo
10%
D Kenneth Omeruo
10%
A Shola Ameobi
10%
2014 Entr Stephen Keshi
10%
A Yakubu Aiyegbeni
10%
D Abdulallahi Shehu
5%
G Austin Ejide
5%
G Austin Ejide
5%
D Azubuike Egwuekwe
5%
D Brian Idowu
5%
A Brown Ideye
5%
D Chidi Odiah
5%
G Chigozie Agbim
5%
A Chinedu Obasi
5%
G Daniel Akpeyi
5%
D Dele Adeleye
5%
G Dele Aiyenugba
5%
M Dickson Etuhu
5%
D Godrey Oboabona
5%
G Ikechukwu Ezenwa
5%
M John Ogu
5%
D Juwon Oshaniwa
5%
2010 Entr Lars Lagerback
5%
M Lukman Haruna
5%
A Michael Uchebo
5%
A Michel Babatunde
5%
D Rabiu Afolabi
5%
M Ramon Azeez
5%
M Reuben Gabriel
5%
M Sani Kaita
5%
A Simeon Nwankwo
5%
D Tyronne Ebuehi
5%
A Uche Nwofor
5%
A Victor Obinna
5%
D Elderson Echiejile
0%
D Kunde Odunlami
0%
M Yussuf Ayila
0%
Aucun quiz correspondant
Distribution des résultats
% des personnes avec chaque résultat
Percentile par nombre de réponses
Votre historique - résultats
Vous n’avez pas pris ce quiz